000 00513nam a2200181Ia 4500
003 LDD
008 181101s9999 xx 000 0 und d
020 _a9788175879492
_c65.00
040 _cLDD
100 _aAshraf, Mujeeb
245 0 _aQadim Hindustan ki saicolar riwayat
_cMujeeb Ashraf
260 _aNew Delhi
_bMaktaba Jamia Ltd.
_c2013
300 _a88p.
901 _a15920
_b17-03-2017
902 _a2840
_b17-03-2017
_cF
_dPIBD
_e8U
903 _a20
_bReqst by : Mohd. Akbar
942 _2ddc
_cUR
999 _c233
_d233